000
00265nam a2200097Ia 4500
001
1165342
005
20250827011738.0
008
250824s9999 xx 000 0 und d
245
0
_a
USTA BİR ŞİFACININ KADİM SIRLARI
_c
CLİNT G. ROGERS
260
_b
DESTEK YAYINLARI
999
_c
1165342
_d
1165342